Corporate finance: Theory and practice (Record no. 627365)

MARC details
000 -LEADER
fixed length control field 00702nam a2200241Ia 4500
003 - CONTROL NUMBER IDENTIFIER
control field OSt
005 - DATE AND TIME OF LATEST TRANSACTION
control field 20260319142036.0
008 - FIXED-LENGTH DATA ELEMENTS--GENERAL INFORMATION
fixed length control field 220923b |||||||| |||| 00| 0 eng d
020 ## - INTERNATIONAL STANDARD BOOK NUMBER
International Standard Book Number 981412656X
037 ## - SOURCE OF ACQUISITION
Terms of availability Textbook
040 ## - CATALOGING SOURCE
Original cataloging agency RTL
Transcribing agency RTL
Language of cataloging eng
041 ## - LANGUAGE CODE
Source of code eng
Language code of text/sound track or separate title eng
084 ## - COLON CLASSIFICATION NUMBER
Classification number XM5:6 P5/TD3
Assigning agency RTL
100 ## - MAIN ENTRY--PERSONAL NAME
Personal name Damodaran, Aswath
245 #0 - TITLE STATEMENT
Title Corporate finance: Theory and practice
250 ## - EDITION STATEMENT
Edition statement 2
260 ## - PUBLICATION, DISTRIBUTION, ETC.
Place of publication, distribution, etc. New York
Name of publisher, distributor, etc. John Wiley USA
Date of publication, distribution, etc. 2001
300 ## - PHYSICAL DESCRIPTION
Extent xxvi, 982 p.
Other physical details includes bibliographical references and index
490 ## - SERIES STATEMENT
Series statement Wiley Series in Finance
500 ## - GENERAL NOTE
General note Bibliography chapterwise
942 ## - ADDED ENTRY ELEMENTS (KOHA)
Classification part XM5:6 P5/TD3
Koha item type Textbook
Source of classification or shelving scheme Colon Classification (CC)
Holdings
Withdrawn status Lost status Source of classification or shelving scheme Damaged status Not for loan Home library Current library Date acquired Total Checkouts Full call number Barcode Date last seen Price effective from Koha item type
    Colon Classification (CC)     Ratan Tata Library Ratan Tata Library 2022-09-26   XM5:6 P5/TD3 RT1147840 2022-09-26 2022-09-26 Textbook
Copyright @ Delhi University Library System